| 000 | 00696nam a2200229Ia 4500 | ||
|---|---|---|---|
| 001 | 15815 | ||
| 003 | GE_BSU | ||
| 008 | 181216s||||||||xx |||||||||||||| ||und|| | ||
| 040 | _cGE_BSU | ||
| 080 | _a821.353.1-32 | ||
| 100 | _aჭუმბაძე, არისტო | ||
| 245 | _aუნასთა ბუდე | ||
| 245 | _bმოთხრობები | ||
| 245 | _cრედ.გ.ქიქოძე.მხ.ლ.ზაალიშვილი | ||
| 260 | _aტფილისი | ||
| 260 | _bფედერაცია | ||
| 260 | _c1937 | ||
| 300 | _a152გვ. ; 17სმ | ||
| 653 | _aმოთხრობები | ||
| 653 | _aუნასთა ბუდე | ||
| 942 | _cBK | ||
| 999 |
_c48912 _d48912 |
||